Dzielnice Krakowa (z Mapą) - Statystyki

Ogólne statystyki
  • Ten quiz został rozwiązany 12 781 razy
  • Średni wynik to 10 z 18
Odpowiedzi na mapie
Odpowiedzi zakodowano w zielono-czerwonej skali na mapie do tego quizu, zgodnie z poniższymi procentami.
 
Statystyki odpowiedzi
# Dzielnica % Poprawnych
Dzielnica XVIII Nowa Huta
91%
Dzielnica I Stare Miasto
87%
Dzielnica IV Prądnik Biały
69%
Dzielnica VI Bronowice
68%
Dzielnica III Prądnik Czerwony
67%
Dzielnica XII Bieżanów - Prokocim
64%
Dzielnica XIII Podgórze
63%
Dzielnica V Krowodrza
61%
Dzielnica IX Łagiewniki - Borek Fałęcki
58%
Dzielnica XIV Czyżyny
50%
Dzielnica XV Mistrzejowice
50%
Dzielnica II Grzegórzki
49%
Dzielnica VIII Dębniki
47%
Dzielnica XVII Wzgórza Krzesławickie
45%
Dzielnica VII Zwierzyniec
45%
Dzielnica XI Podgórze Duchackie
41%
Dzielnica X Swoszowice
39%
Dzielnica XVI Bieńczyce
37%
Nie znaleziono quizów pasujących do podanych kryteriów
Rozkład punktacji
Procent ludzi z każdym wynikiem
Percentyl według liczby udzielonych odpowiedzi
Twoja historia wyników
Nie rozwiązałeś tego quizu